<?xml version="1.0" encoding="UTF-8"?>
<record
    xmlns:xsi="http://www.w3.org/2001/XMLSchema-instance"
    xsi:schemaLocation="http://www.loc.gov/MARC21/slim http://www.loc.gov/standards/marcxml/schema/MARC21slim.xsd"
    xmlns="http://www.loc.gov/MARC21/slim">

  <leader>01119nam a2200265   4500</leader>
  <controlfield tag="001">76276</controlfield>
  <controlfield tag="003">BD-RjUL</controlfield>
  <controlfield tag="005">20211209082823.0</controlfield>
  <controlfield tag="008">191119s2019    bg ||||| |||| 00| 0 eng d</controlfield>
  <datafield tag="035" ind1=" " ind2=" ">
    <subfield code="a">(BD-RjUL)76497</subfield>
  </datafield>
  <datafield tag="040" ind1=" " ind2=" ">
    <subfield code="a">BD-RjUL</subfield>
    <subfield code="b">eng</subfield>
    <subfield code="c">BD-RjUL</subfield>
  </datafield>
  <datafield tag="041" ind1=" " ind2=" ">
    <subfield code="a">eng</subfield>
  </datafield>
  <datafield tag="082" ind1=" " ind2=" ">
    <subfield code="2">23</subfield>
    <subfield code="a">338.91095492</subfield>
    <subfield code="b">REP 2019</subfield>
  </datafield>
  <datafield tag="100" ind1=" " ind2=" ">
    <subfield code="a">&#x9B0;&#x9C7;&#x99C;&#x9BE;, &#x9AE;&#x9BE;&#x9B9;&#x9AC;&#x9C1;&#x9AC; </subfield>
    <subfield code="9">235107</subfield>
  </datafield>
  <datafield tag="245" ind1="1" ind2="0">
    <subfield code="a">&#x9AA;&#x9A6;&#x9CD;&#x9AE;&#x9BE; &#x9B8;&#x9C7;&#x9A4;&#x9C1; / </subfield>
    <subfield code="c">&#x9AE;&#x9BE;&#x9B9;&#x9AC;&#x9C1;&#x9AC; &#x9B0;&#x9C7;&#x99C;&#x9BE;</subfield>
  </datafield>
  <datafield tag="260" ind1=" " ind2=" ">
    <subfield code="a">&#x9A2;&#x9BE;&#x995;&#x9BE; :</subfield>
    <subfield code="b">&#x9B9;&#x9BE;&#x993;&#x9B2;&#x9BE;&#x9A6;&#x9BE;&#x9B0; &#x9AA;&#x9CD;&#x9B0;&#x995;&#x9BE;&#x9B6;&#x9A8;&#x9C0;,</subfield>
    <subfield code="c">&#x9E8;&#x9E6;&#x9E7;&#x9EF;</subfield>
  </datafield>
  <datafield tag="300" ind1=" " ind2=" ">
    <subfield code="a">&#x9E8;&#x9EE;&#x9EE; &#x9AA;&#x9C3;.:</subfield>
    <subfield code="b">&#x99A;&#x9BF;&#x9A4;&#x9CD;&#x9B0;&#x9B8;&#x9AE;&#x9C2;&#x9B9;;</subfield>
    <subfield code="c">&#x9E8;&#x9E9; &#x9B8;&#x9C7;&#x9AE;&#x9BF;.</subfield>
  </datafield>
  <datafield tag="650" ind1=" " ind2=" ">
    <subfield code="a">&#x9AA;&#x9CD;&#x9B0;&#x9AF;&#x9C1;&#x995;&#x9CD;&#x9A4;&#x9BF;&#x997;&#x9A4; &#x9B8;&#x9B9;&#x9BE;&#x9AF;&#x9BC;&#x9A4;&#x9BE;</subfield>
    <subfield code="9">235108</subfield>
  </datafield>
  <datafield tag="650" ind1=" " ind2=" ">
    <subfield code="a">&#x985;&#x9B0;&#x9CD;&#x9A5;&#x9A8;&#x9C8;&#x9A4;&#x9BF;&#x995; &#x9B8;&#x9B9;&#x9BE;&#x9AF;&#x9BC;&#x9A4;&#x9BE;</subfield>
    <subfield code="9">235109</subfield>
  </datafield>
  <datafield tag="650" ind1=" " ind2=" ">
    <subfield code="a">&#x9AA;&#x9A6;&#x9CD;&#x9AE;&#x9BE; &#x9AC;&#x9B9;&#x9C1;&#x9AE;&#x9C1;&#x996;&#x9C0; &#x9B8;&#x9C7;&#x9A4;&#x9C1; &#x9A1;&#x9BF;&#x99C;&#x9BE;&#x987;&#x9A8; &#x9AA;&#x9CD;&#x9B0;&#x995;&#x9B2;&#x9CD;&#x9AA; (&#x9AC;&#x9BE;&#x982;&#x9B2;&#x9BE;&#x9A6;&#x9C7;&#x9B6;)</subfield>
    <subfield code="9">235110</subfield>
  </datafield>
  <datafield tag="650" ind1=" " ind2=" ">
    <subfield code="a">Technical assistance</subfield>
    <subfield code="9">235111</subfield>
  </datafield>
  <datafield tag="650" ind1=" " ind2=" ">
    <subfield code="a">Economic assistance</subfield>
    <subfield code="9">235112</subfield>
  </datafield>
  <datafield tag="650" ind1=" " ind2=" ">
    <subfield code="a">Padma Multipurpose Bridge Design Project (Bangladesh) </subfield>
    <subfield code="9">235113</subfield>
  </datafield>
  <datafield tag="942" ind1=" " ind2=" ">
    <subfield code="2">ddc</subfield>
    <subfield code="c">BK</subfield>
  </datafield>
  <datafield tag="999" ind1=" " ind2=" ">
    <subfield code="c">76276</subfield>
    <subfield code="d">76276</subfield>
  </datafield>
  <datafield tag="952" ind1=" " ind2=" ">
    <subfield code="0">0</subfield>
    <subfield code="1">0</subfield>
    <subfield code="2">ddc</subfield>
    <subfield code="4">0</subfield>
    <subfield code="7">1</subfield>
    <subfield code="8">NFIC</subfield>
    <subfield code="a">RUCL</subfield>
    <subfield code="b">RUCL</subfield>
    <subfield code="c">Reading</subfield>
    <subfield code="d">2019-09-30</subfield>
    <subfield code="e">Author</subfield>
    <subfield code="g">500.00</subfield>
    <subfield code="l">0</subfield>
    <subfield code="o">B 338.91095492 REP 2019</subfield>
    <subfield code="r">2019-11-19 00:00:00</subfield>
    <subfield code="t">C-1</subfield>
    <subfield code="w">2019-11-19</subfield>
    <subfield code="y">BK</subfield>
  </datafield>
</record>
